000 00701nam a2200217Ii 4500
003 JO-AjNU
008 230605s9999||||xx |||||||||||||| ||und||
017 _a1972/3284
040 _aJO-AjNU
_bara
_erda
_cJO-AjNU
041 _aara
050 1 4 _aBF199.D5.1972
100 3 _aالديدي،عبد الفتاح,
_eauthor
_918300
245 0 0 _aالسلوك والادراك :مدخل الى علم النفس الناسلي
250 _aط1
264 3 1 _aالقاهرة:مكتبة الانجلو المصرية ، 1972
300 _a242ص
336 _atext
_btxt
_2rdacontent
337 _aunmediated
_bn
_2rdamedia
338 _avolume
_bnc
_2rdacarrier
650 4 _aعلم نفس تطوري
_918301
999 _aA5827
_c9395
_d9395